Borussia Dortmund Squad 2018-2019 - Statistics

General Stats
  • This quiz has been taken 48 times
  • The average score is 18 of 31
Answer Stats
# Position Nation Player % Correct
7 FW England Jadon Sancho
95%
11 MF Germany Marco Reus
95%
1 GK Switzerland Roman Bürki
95%
5 DF Morocco Achraf Hakimi
90%
6 MF Denmark Thomas Delaney
88%
9 FW Spain Paco Alcácer
83%
22 FW United States Christian Pulisic
81%
2 DF France Dan-Axel Zagadou
81%
16 DF Switzerland Manuel Akanji
81%
13 FW Portugal Raphaël Guerreiro
81%
14 FW Sweden Alexander Isak
74%
35 GK Switzerland Marwin Hitz
74%
23 MF Japan Shinji Kagawa
74%
10 MF Germany Mario Götze
71%
28 MF Belgium Axel Witsel
64%
4 DF Senegal Abdou Diallo
62%
26 DF Poland Łukasz Piszczek
62%
36 DF Turkey Ömer Toprak
57%
19 MF Syria Mahmoud Dahoud
55%
29 DF Germany Marcel Schmelzer
52%
- Coach Switzerland Lucien Favre
45%
34 FW Denmark Jacob Bruun Larsen
43%
18 DF Argentina Leonardo Balerdi
43%
33 MF Germany Julian Weigl
38%
20 FW Germany Maximilian Philipp
29%
27 FW Germany Marius Wolf
24%
18 MF Germany Sebastian Rode
21%
40 GK Germany Eric Oelschlägel
19%
32 MF Bosnia and Herzegovina Dženis Burnić
17%
15 DF Germany Jeremy Toljan
17%
17 MF Spain Sergio Gómez
17%
No matching quizzes found
Score Distribution
Percent of People with Each Score
Percentile by Number Answered
Your Score History
You have not taken this quiz